On being in charge : (Record no. 10219)
[ view plain ]
| 000 -LEADER | |
|---|---|
| fixed length control field | 00498cam a2200169 4500 |
| 001 - CONTROL NUMBER | |
| control field | 6680 |
| 005 - DATE AND TIME OF LATEST TRANSACTION | |
| control field | 20250411152300.0 |
| 008 - FIXED-LENGTH DATA ELEMENTS--GENERAL INFORMATION | |
| fixed length control field | 250411b |||||||| |||| 00| 0 eng d |
| 010 ## - LIBRARY OF CONGRESS CONTROL NUMBER | |
| LC control number | 2016297775 |
| 020 ## - INTERNATIONAL STANDARD BOOK NUMBER | |
| International Standard Book Number | 9241541482 |
| 082 ## - DEWEY DECIMAL CLASSIFICATION NUMBER | |
| Classification number | 610.695 McM |
| 100 ## - MAIN ENTRY--PERSONAL NAME | |
| Personal name | McMahon, Rosemary. |
| 245 04 - TITLE STATEMENT | |
| Title | On being in charge : |
| Remainder of title | a guide for middle-level management in primary health care. |
| 264 #1 - PRODUCTION, PUBLICATION, DISTRIBUTION, MANUFACTURE, AND COPYRIGHT NOTICE | |
| Place of production, publication, distribution, manufacture | Geneva : |
| Name of producer, publisher, distributor, manufacturer | World Health Organization, |
| Date of production, publication, distribution, manufacture, or copyright notice | 1980. |
| 300 ## - PHYSICAL DESCRIPTION | |
| Extent | 361 p. ; |
| Dimensions | 26 cm. |
| Other physical details | ill. ; |
| 942 ## - ADDED ENTRY ELEMENTS (KOHA) | |
| Source of classification or shelving scheme | Dewey Decimal Classification |
| Koha item type | Main |
| Withdrawn status | Lost status | Source of classification or shelving scheme | Damaged status | Not for loan | Collection code | Home library | Current library | Shelving location | Date acquired | Inventory number | Total Checkouts | Full call number | Barcode | Date last seen | Price effective from | Koha item type | Public note |
|---|---|---|---|---|---|---|---|---|---|---|---|---|---|---|---|---|---|
| Dewey Decimal Classification | Main TEST | RTC Library | RTC Library | Main opac | 11/04/2025 | 19273 | 610.695 | 30020492 | 11/04/2025 | 11/04/2025 | Main | Donated by Sonam Peldon, Faculty. |